[Event "18th Aeroflot Open-A 2020"]
[Site "Moscow"]
[Date "2020.02.23"]
[Round "5.35"]
[White "Radovanovic, Mihajlo"]
[Black "Frolyanov, Dmitry"]
[Result "0-1"]
[WhiteElo "2458"]
[BlackElo "2556"]
[Annotator "TA"]
[PlyCount "94"]
[EventDate "2020.02.19"]
[EventType "swiss"]
[EventCountry "RUS"]
[SourceTitle "playchess.com"]
[Source "ChessBase"]
[SourceQuality "1"]

{[%evp 20,94,6,1,6,10,9,5,13,0,8,3,7,0,0,0,0,0,0,-8,0,-6,0,-33,-39,-43,0,13,13,11,2,0,18,17,6,0,0,0,0,0,0,0,0,0,0,0,0,0,0,0,0,0,0,-3,-10,-175,-175,-175,-175,-164,-35,-399,-372,-581,-489,-926,-727,-791,-779,-1027,-916,-2071,-1850,-5389,-2991,-29974,-29976]} 1. Nf3 d5 2. c4 e6 3. g3 dxc4 4. Qa4+ Nd7 5. Qxc4 a6 6. Bg2 b5 7. Qc2 Bb7 8. O-O Ngf6 9. a4 c5 10. d3 Be7 11. Nc3 Qb6 {A13: English Opening: 1...e6.} 12. Qb3 {[%cal Ra4b5]} b4 13. Nb1 {[%cal Bc3b1,Bb1d2,Bd2c4][%mdl 32]} a5 {The position is equal.} 14. Nbd2 O-O 15. Nc4 Qa6 16. e4 Nb6 17. Nfe5 Nxc4 18. Nxc4 Nd7 {[#]} 19. Be3 $146 ({Predecessor:} 19. Bf4 Nb8 20. Qd1 Nc6 21. Qg4 Kh8 22. Rad1 Rad8 23. Qh5 Kg8 24. Be3 Nd4 25. f4 {1-0 (63) Manor,I (2445)-Lukacs,P (2460) Borsodtavho 1991}) 19... Rac8 20. Rac1 Rfd8 21. Bh3 Bf6 22. f4 Bd4 (22... g6 $15) 23. Bxd4 $11 cxd4 24. f5 Nc5 25. Qd1 $1 Nxe4 26. fxe6 fxe6 {And now ...Ng5 would win.} 27. dxe4 Rxc4 28. Rxc4 Qxc4 29. Qf3 {White threatens Qf7+ and mate.} Qc8 $1 ({Not} 29... e5 $2 30. b3 $18) 30. Qf7+ Kh8 {Hoping for ...Qa8.} 31. Bxe6 Qa8 $36 {[%mdl 2048] Black fights for an advantage.} 32. Bf5 {Intending Qh5! and mate.} Bc8 $1 33. Rc1 Bxf5 34. Rc7 {[%csl Gc7][%cal Rf7g7]} Rg8 35. Qxf5 {[%mdl 4096] Endgame KQR-KQR} d3 36. Rd7 Qc8 {aiming for ...Rf8.} 37. Rxd3 $2 (37. Kg2 $1 $11 {and White stays safe.}) 37... Qc1+ $19 38. Qf1 Qxb2 39. Rd5 {[#]} Qc2 ({Black should play} 39... h6 $1 $19 {...b3 is the strong threat.} 40. Qd1 Rf8) 40. Qd3 $2 {[%mdl 8192]} (40. Rxa5 $15 h6 41. Rf5) 40... Qxa4 41. Qd4 (41. Qb5 {was called for.} Qb3 42. Qxa5) 41... Qa2 42. Rd7 (42. Rd8 $142 h6 43. Rxg8+ Qxg8 44. g4) 42... Qb1+ 43. Kg2 h6 44. Rb7 Qc2+ 45. Kg1 b3 46. h4 {[#]} a4 $1 {[%mdl 576] Deflection} 47. Qxa4 Rd8 {Accuracy: White = 56%, Black = 88%.} 0-1

[Event "18th Aeroflot Open-A 2020"]
[Site "Moscow"]
[Date "2020.02.23"]
[Round "5.36"]
[White "Chanda, Sandipan"]
[Black "Kardashevskiy, Evgeny"]
[Result "1-0"]
[WhiteElo "2552"]
[BlackElo "2437"]
[Annotator "TA"]
[PlyCount "89"]
[EventDate "2020.02.19"]
[EventType "swiss"]
[EventCountry "RUS"]
[SourceTitle "playchess.com"]
[Source "ChessBase"]
[SourceQuality "1"]

{[%evp 15,89,8,16,12,26,24,23,20,25,20,39,35,48,43,39,35,33,32,29,14,18,0,116,123,123,123,131,126,133,49,66,60,112,0,147,145,157,166,242,242,242,234,237,231,339,302,593,585,575,574,558,551,447,26,26,26,26,24,25,23,1015,1014,1011,465,989,989,1822,1813,1729,1616,29964,29969,29964,1772,29974,29975]} 1. d4 Nf6 2. c4 e6 3. Nc3 d5 4. cxd5 exd5 5. Bg5 Be7 6. e3 c6 7. Bd3 Nbd7 8. Nge2 h6 9. Bh4 {D35: Queen's Gambit Declined: Exchange Variation.} Nh5 10. Bxe7 Qxe7 11. Qd2 $1 {[%mdl 4] White has an edge. outshines the older 11.0-0.} Nb6 12. f3 Be6 13. O-O O-O 14. g4 Nf6 15. Kh1 Rfe8 16. Rae1 Bd7 17. Ng3 c5 18. Rg1 Nc4 (18... Rad8 $11) 19. Bxc4 $1 $16 dxc4 20. Nf5 $1 {[%cal Rf5e7]} Bxf5 21. gxf5 cxd4 22. exd4 ({White should play} 22. e4 $1 $16) 22... Qf8 $14 23. Ne4 Kh8 (23... Kh7 $1 $14) 24. Rg2 ({Better is} 24. Nxf6 $16 gxf6 25. Re4) 24... Rad8 (24... Qe7 $11) 25. Reg1 $1 $16 {Hoping for Nxf6.} Nxe4 26. fxe4 $40 {[%mdl 128] Black is in trouble.} f6 (26... g5 $142) 27. Rxg7 $18 Qxg7 28. Rxg7 Kxg7 {[%mdl 4096] Endgame KQ-KRR} 29. Qe3 Kf7 (29... Rd7 $142 30. Kg2 Kh7) 30. Kg2 ({Less strong is} 30. Qxh6 Rxe4 31. Qh7+ Kf8 $16) 30... Rd7 $2 (30... Rd5 31. Qxh6 Rxe4) 31. e5 fxe5 32. dxe5 Rd5 33. e6+ $1 Ke7 {[#]} 34. Qxh6 $2 ({White must play} 34. Qe4 $1 $18 {[%cal Re4d5]} Kd6 35. f6 Rd2+ 36. Kf3 Rd3+ 37. Kg4 Rxe6 38. Qf4+ {[%mdl 64] Double Attack} Kd5 39. f7) 34... Rg8+ $11 35. Kh3 Rd3+ 36. Kh4 {Threatens to win with Qh7+.} Rd4+ 37. Kh5 {Strongly threatening Qh7+.} Rgg4 $2 {[%mdl 8192] Loses the game.} (37... Rdg4 $11) 38. Qh7+ $18 Kf6 39. Qf7+ Ke5 {( -> ...Rh4+)} 40. h3 Rh4+ 41. Kg5 Rxh3 42. Qc7+ Kd5 43. Qxb7+ Ke5 44. Qc7+ (44. Qb8+ $142 Kd5 45. e7 Re3 46. e8=Q Rxe8 47. Qxe8 Kc5 48. Qc8+ Kb6 49. Qe6+ Kc5 {[#]} 50. Qe3 $1 {[%mdl 512]}) 44... Kd5 45. e7 {Accuracy: White = 79%, Black = 48%.} 1-0

[Event "18th Aeroflot Open-A 2020"]
[Site "Moscow"]
[Date "2020.02.23"]
[Round "5.37"]
[White "Sengupta, Deep"]
[Black "Zarubitski, Viachaslau"]
[Result "1/2-1/2"]
[WhiteElo "2534"]
[BlackElo "2432"]
[Annotator "TA"]
[PlyCount "81"]
[EventDate "2020.02.19"]
[EventType "swiss"]
[EventCountry "RUS"]
[SourceTitle "playchess.com"]
[Source "ChessBase"]
[SourceQuality "1"]

{[%evp 17,81,3,14,0,24,17,21,18,55,42,53,25,25,11,20,16,24,16,42,47,41,39,45,41,70,59,49,25,29,23,15,23,10,0,12,0,0,0,0,-7,-7,-8,0,-8,-5,-16,-15,-17,-11,-15,-8,-13,0,0,0,0,0,-10,-8,-8,-8,-8,-8,-59,0,0]} 1. e4 c5 2. Nf3 e6 3. d4 cxd4 4. Nxd4 Nc6 5. c4 Nf6 6. Nc3 Bb4 7. Nxc6 bxc6 8. Bd3 e5 9. O-O O-O 10. Qe2 $1 {[%mdl 4] is recently more successful than 10.Bg5. B44: Sicilian: Taimanov: 5 Nb5.} Qe7 11. Na4 d5 12. Bg5 {[#]} dxc4 $146 ({Predecessor:} 12... dxe4 13. Bxe4 h6 14. Bxf6 Qxf6 15. c5 Rd8 16. Rfd1 Bf5 17. g3 Bxe4 18. Qxe4 Rd2 {½-½ (41) Edouard,R (2636)-Baramidze,D (2614) Germany 2019}) 13. Bxc4 h6 14. Bxf6 Qxf6 15. Rfd1 Ba5 16. Rd3 Qe7 17. Rc1 Bb7 18. Qe3 Rfd8 19. Rxd8+ Bxd8 20. Bb3 Qg5 21. Qxg5 (21. Nc5 {is interesting.} Qxe3 22. fxe3 Bb6 23. Kf2 Rb8 24. Kf3) 21... Bxg5 22. Rc5 Bf6 23. Ra5 Bc8 24. h3 Kf8 25. Kf1 g6 26. Ke2 Be7 27. a3 ({Reject} 27. Rxe5 f6 $17) 27... f6 28. Bc4 Bd8 29. Rc5 Ke7 30. h4 Rb8 {next ...Kd6 is good for Black.} 31. b4 Kd6 {[#] aiming for ...Bb6.} 32. Bf7 g5 33. hxg5 hxg5 34. Be8 Bb7 {And now ...Bb6 would win.} 35. Rc2 Bb6 36. Nxb6 axb6 37. Bg6 c5 38. Rd2+ Ke7 39. Bf5 {[#] Threatens to win with Rd7+.} Bc6 40. Rc2 ({White should try} 40. bxc5 $11 bxc5 41. Kd3) 40... Kd6 (40... Ba4 $15 41. Rc1 c4) 41. Rd2+ {Accuracy: White = 93%, Black = 84%.} 1/2-1/2

[Event "18th Aeroflot Open-A 2020"]
[Site "Moscow"]
[Date "2020.02.23"]
[Round "5.38"]
[White "Stupak, Kirill"]
[Black "Badelka, Olga"]
[Result "0-1"]
[WhiteElo "2518"]
[BlackElo "2404"]
[Annotator "RC"]
[PlyCount "80"]
[EventDate "2020.02.19"]
[EventType "swiss"]
[EventCountry "RUS"]
[SourceTitle "playchess.com"]
[Source "ChessBase"]
[SourceQuality "1"]
[TimeControl "40/6000+30:20/3000+30:900+30"]

1. Nf3 {[%emt 0:06:58]} c5 {[%emt 0:00:00]} 2. c4 {[%emt 0:00:35]} g6 {[%emt 0:00:16]} 3. d4 {[%emt 0:05:53]} Bg7 {[%emt 0:00:33]} 4. d5 {[%emt 0:04:42]} d6 {[%emt 0:00:48]} 5. g3 {[%emt 0:05:17]} e6 {[%emt 0:00:28]} 6. Nc3 {[%emt 0:00:26]} Ne7 {[%emt 0:02:05]} 7. Bg2 {[%emt 0:01:57]} O-O {[%emt 0:03:10]} 8. O-O {[%emt 0:00:13]} a6 {[%emt 0:00:41]} 9. a4 {[%emt 0:04:18]} e5 {[%emt 0:07:30]} 10. Ne1 {[%emt 0:04:04]} f5 {[%emt 0:00:51]} 11. Nd3 {[%emt 0:01:28]} Nd7 {[%emt 0:03:11]} 12. e4 {[%emt 0:04:00]} Nf6 {[%emt 0:03:50]} 13. f4 {[%emt 0:01:43]} fxe4 {[%emt 0:06:26]} 14. Nxe4 {[%emt 0:00:56]} Nxe4 {[%emt 0:09:04]} 15. Bxe4 {[%emt 0:01:03]} exf4 {[%emt 0:01:52]} 16. Nxf4 {[%emt 0:04:43]} Qa5 {[%emt 0:07:56]} 17. Ra3 {[%emt 0:11:52]} Qb4 {[%emt 0:09:51]} 18. Qb3 {[%emt 0:40:54]} g5 {[%emt 0:14:58]} 19. Ng2 {[%emt 0:00:28]} Bf5 {[%emt 0:15:34]} 20. Bxf5 {[%emt 0:06:36]} Nxf5 {[%emt 0:00:06]} 21. Qxb4 {[%emt 0:01:18]} cxb4 {[%emt 0:00:06]} 22. Raf3 {[%emt 0:01:04]} Nd4 {[%emt 0:02:03]} 23. Rxf8+ {[%emt 0:00:25]} Rxf8 {[%emt 0:00:05]} 24. Rxf8+ {[%emt 0:00:07]} Kxf8 {[%emt 0:00:05]} 25. Kf2 {[%emt 0:00:44]} Nb3 {[%emt 0:07:36]} 26. Bxg5 {[%emt 0:00:01]} Bxb2 {[%emt 0:00:04]} 27. Nf4 {[%emt 0:00:26]} Na5 {[%emt 0:01:15]} 28. Ke2 {[%emt 0:01:13]} b3 {[%emt 0:04:49]} 29. Kd3 {[%emt 0:00:34]} Be5 {[%emt 0:00:43]} 30. Ne6+ {[%emt 0:00:26]} Ke8 {[%emt 0:00:32]} 31. Bc1 {[%emt 0:00:33]} b2 {[%emt 0:00:16]} 32. Bxb2 {[%emt 0:00:12]} Bxb2 {[%emt 0:00:05]} 33. c5 {[%emt 0:00:07]} Ke7 {[%emt 0:02:06]} 34. Ke4 {[%emt 0:01:10]} dxc5 {[%emt 0:00:53]} 35. Nxc5 {[%emt 0:00:08]} Kd6 {[%emt 0:00:15]} 36. Ne6 {[%emt 0:00:33]} Nb3 {[%emt 0:00:40]} 37. Ng5 {[%emt 0:00:27]} Nc5+ {[%emt 0:00:47]} 38. Kf5 {[%emt 0:00:05]} h5 {[%emt 0:02:02]} 39. Kg6 {[%emt 0:00:14]} Kxd5 {[%emt 0:00:45]} 40. Kxh5 {[%emt 0:00:00]} Nxa4 {[%emt 0:00:00]} 0-1

[Event "18th Aeroflot Open-A 2020"]
[Site "Moscow"]
[Date "2020.02.23"]
[Round "5.39"]
[White "Buksa, Nataliya"]
[Black "Raja Harshit"]
[Result "1/2-1/2"]
[WhiteElo "2403"]
[BlackElo "2472"]
[Annotator "ChessBase"]
[PlyCount "56"]
[EventDate "2020.02.19"]
[EventType "swiss"]
[EventCountry "RUS"]
[SourceTitle "playchess.com"]
[Source "ChessBase"]
[SourceQuality "1"]
[TimeControl "40/6000+30:20/3000+30:900+30"]

1. e4 {[%emt 0:00:00]} c5 {[%emt 0:00:00]} 2. Nf3 {[%emt 0:00:00]} d6 {[%emt 0:00:06]} 3. d4 {[%emt 0:00:00]} cxd4 {[%emt 0:00:07]} 4. Nxd4 {[%emt 0:00:00]} Nf6 {[%emt 0:00:23]} 5. Nc3 {[%emt 0:00:00]} a6 {[%emt 0:00:13]} 6. Bd3 {[%emt 0:00:30]} e5 {[%emt 0:00:31]} 7. Nde2 {[%emt 0:00:06]} Be7 {[%emt 0:00:07]} 8. O-O {[%emt 0:00:21]} Be6 {[%emt 0:00:05]} 9. f4 {[%emt 0:00:32]} O-O {[%emt 0:00:45]} 10. a4 {[%emt 0:01:44]} Qc7 {[%emt 0:01:16]} 11. Kh1 {[%emt 0:12:49]} Nbd7 {[%emt 0:09:14]} 12. f5 {[%emt 0:14:27]} Bc4 {[%emt 0:00:06]} 13. b3 {[%emt 0:00:05]} d5 {[%emt 0:25:57]} 14. exd5 {[%emt 0:25:52]} Bxd5 {[%emt 0:00:32]} 15. Nxd5 {[%emt 0:00:08]} Nxd5 {[%emt 0:00:07]} 16. Ng3 {[%emt 0:05:25]} N7f6 {[%emt 0:07:58]} 17. c4 {[%emt 0:06:12]} Nb4 {[%emt 0:06:14]} 18. Be4 {[%emt 0:00:04]} Rad8 {[%emt 0:02:26]} 19. Qe2 {[%emt 0:00:04]} Nxe4 {[%emt 0:09:36]} 20. Nxe4 {[%emt 0:01:33]} f6 {[%emt 0:00:05]} 21. Ba3 {[%emt 0:09:50]} Nc6 {[%emt 0:02:01]} 22. Bxe7 {[%emt 0:01:14]} Qxe7 {[%emt 0:03:12]} 23. c5 {[%emt 0:01:28]} Qf7 {[%emt 0:05:46]} 24. Nd6 {[%emt 0:06:47]} Qd5 {[%emt 0:02:50]} 25. b4 {[%emt 0:09:50]} Nd4 {[%emt 0:03:02]} 26. Qd2 {[%emt 0:06:38]} Rd7 {[%emt 0:01:35]} 27. a5 {[%emt 0:00:28]} g6 {[%emt 0:03:40]} 28. Ra3 {[%emt 0:05:28]} g5 {[%emt 0:05:42]} 1/2-1/2

[Event "18th Aeroflot Open-A 2020"]
[Site "Moscow"]
[Date "2020.02.23"]
[Round "5.40"]
[White "Aditya Mittal"]
[Black "Iljiushenok, Ilia"]
[Result "1/2-1/2"]
[WhiteElo "2427"]
[BlackElo "2519"]
[Annotator "TA"]
[PlyCount "125"]
[EventDate "2020.02.19"]
[EventType "swiss"]
[EventCountry "RUS"]
[SourceTitle "playchess.com"]
[Source "ChessBase"]
[SourceQuality "1"]

{[%evp 25,125,9,9,9,10,14,67,64,74,70,64,66,72,69,66,58,66,66,66,65,83,83,76,79,91,87,90,90,91,91,111,112,133,119,266,258,237,197,179,114,179,179,179,172,161,131,179,179,186,181,180,175,169,154,172,133,144,132,165,135,200,195,195,174,177,162,214,208,209,203,186,34,39,0,178,155,177,177,156,0,155,153,147,101,36,0,131,125,138,27,32,0,127,38,43,37,30,32,62,54,196,10]} 1. d4 Nf6 2. c4 g6 3. Nc3 d5 4. cxd5 Nxd5 5. e4 Nxc3 6. bxc3 Bg7 7. Nf3 c5 8. Be3 Qa5 9. Qd2 Nc6 10. Rb1 a6 11. Rc1 cxd4 12. cxd4 Qxd2+ 13. Kxd2 f5 14. e5 {D85: Exchange Grünfeld: Unusual White 7th moves and lines with 7 Nf3.} O-O $1 {[%mdl 4] is now more promising than 14...Be6.} 15. Bc4+ Kh8 {[#]} (15... e6 $11) 16. g3 $146 {White is slightly better.} ({Predecessor:} 16. Bf4 h6 17. h4 Rd8 18. Ke3 e6 19. Bb3 Bd7 20. Rc3 Bf8 21. Rhc1 Kg7 22. d5 exd5 23. Bxd5 {0-1 (38) Smirnova,E (2165)-Gorozhanin,M (2332) Kostroma 2014}) 16... Na5 17. Bd5 $1 e6 18. Rc5 exd5 19. Rxa5 Bd7 20. Rc5 Rfc8 21. Rb1 Bc6 22. Ng5 Kg8 23. Ne6 Bf8 24. Nxf8 Rxf8 25. Bg5 Rae8 26. Ke3 Re6 27. Kf4 Rf7 28. h4 Kg7 29. Rb3 h5 (29... h6 $16 {was called for.}) 30. f3 Kh7 31. Rb2 Kg7 32. Rh2 (32. Bf6+ $18 Rfxf6 33. exf6+ Kxf6 34. Rc1) 32... Kh7 (32... Rf8 $16 33. Rb2 Rb8) 33. Bf6 $18 Kh6 34. Rc1 Rf8 35. Rg2 Rf7 36. g4 fxg4 37. fxg4 hxg4 38. Rxg4 Bb5 39. Rg3 Be2 40. Re3 Bc4 41. a3 b5 42. Rg1 a5 (42... Be2 $16 {was worth a try.} 43. Rxe2 Rfxf6+ 44. Ke3 (44. exf6 Rxe2 45. Rf1 a5 $14) 44... Rf5) 43. Reg3 Rfxf6+ 44. exf6 Rxf6+ {[%mdl 4096] Endgame KRR-KRB} 45. Ke5 Rb6 (45... Ra6 $142 46. h5 gxh5) 46. h5 $1 gxh5 47. Rg8 {[%cal Rg8h8]} Kh7 48. R8g7+ $2 (48. R1g7+ $1 $18 Kh6 49. Rg3) 48... Kh6 $14 49. Rg8 (49. R1g3 $14) 49... Kh7 $18 50. R1g7+ $1 {[%mdl 1024] White has strong compensation.} Kh6 51. Rg3 {[%cal Rg8h8]} Kh7 52. R3g7+ Kh6 53. Rg2 $1 {[%cal Rg8h8]} Kh7 54. R8g5 Kh6 55. Rg8 (55. Rf5 $14) 55... Kh7 $16 56. Ra8 b4 {[#]} 57. Ra7+ ({White must play} 57. axb4 $1 $16 axb4 58. Rh2) 57... Kh6 $11 58. Ra8 (58. Rxa5 $14 b3 59. Ra8) 58... Kh7 $16 {[#]} 59. Rxa5 (59. axb4 $1 $16 axb4 60. Rh2) 59... b3 $14 {Hoping for ...b2.} 60. Ra7+ Kh6 61. Ra8 {[%cal Ra8h8]} Kh7 {aiming for ...b2.} 62. Rb2 $1 {a4 is the strong threat.} h4 ({Better is} 62... Bd3 $1 $14) 63. Kf4 $2 {Accuracy: White = 80%, Black = 71%.} ({White has to play} 63. a4 $18) 1/2-1/2

[Event "18th Aeroflot Open-A 2020"]
[Site "Moscow"]
[Date "2020.02.23"]
[Round "5.41"]
[White "Karthik Venkataraman"]
[Black "Makarian, Rudik"]
[Result "1-0"]
[WhiteElo "2483"]
[BlackElo "2414"]
[Annotator "TA"]
[PlyCount "105"]
[EventDate "2020.02.19"]
[EventType "swiss"]
[EventCountry "RUS"]
[SourceTitle "playchess.com"]
[Source "ChessBase"]
[SourceQuality "1"]

{[%evp 12,105,18,12,20,0,0,10,15,7,0,-6,0,0,0,-2,0,-6,4,-14,21,10,23,0,0,4,75,63,62,74,62,62,102,100,113,104,106,87,159,138,135,149,326,322,312,292,280,183,181,189,187,202,180,184,322,222,210,215,219,173,182,143,143,143,143,143,143,143,136,136,136,136,136,135,215,144,134,109,135,145,196,182,163,168,450,439,688,658,785,729,669,686,641,549,5722,3651]} 1. e4 e5 2. Nc3 Nc6 3. Bc4 Bc5 4. d3 d6 5. Nf3 Nf6 6. h3 h6 7. Na4 Bb6 {C50: Hungarian Defence and Giuoco Pianissimo.} 8. O-O Na5 9. Bb3 O-O {The position is equal.} 10. Nxb6 axb6 11. Be3 (11. Ba4 {is interesting.} Bd7 12. Bxd7 Qxd7 13. c4 Nc6 14. a4) 11... Nxb3 12. axb3 Rxa1 13. Qxa1 Bd7 {[#]} 14. Qa7 $146 ({Predecessor:} 14. Nd2 Kh7 15. f4 exf4 16. Rxf4 Qe7 17. Qf1 Nd5 18. exd5 Qxe3+ 19. Qf2 Qxf2+ 20. Kxf2 {0-1 (56) Neferanovic,I (1732)-Patarcic,D (2001) Sv Filip i Jakov 2007}) 14... Bc6 15. c4 Nd7 16. b4 b5 17. cxb5 Bxb5 18. Qxb7 Qb8 (18... Bxd3 $11 {keeps the balance.} 19. Rd1 Be2) 19. Qd5 $16 Nf6 20. Qb3 Qa8 21. Rc1 $36 {[%mdl 2048] Black is under pressure.} c6 22. Nh4 d5 23. Bc5 Re8 24. Nf5 Qa6 ({Better is} 24... Re6) 25. Nd6 Re6 26. Qd1 Bxd3 $2 (26... Qa8 $16 {is a better defense.} 27. Ra1 Qd8) 27. Ra1 $18 Be2 28. Rxa6 Bxd1 29. Rxc6 Nxe4 30. Rc8+ Kh7 31. Nxe4 ({Don't do} 31. Nxf7 Bh5 $16) 31... dxe4 {[%mdl 4096] Endgame KRB-KRB} 32. b5 {[%cal Bb4b5,Bb5b6][%mdl 32] b6 is the strong threat.} Bb3 (32... e3 $142) 33. b6 {aiming for b7.} Bd5 34. Rd8 Bc6 35. b4 e3 36. Bxe3 {Black must now prevent b5!} Re7 37. Bc5 Rb7 38. f3 f6 39. Kf2 Kg6 40. Ke3 Kf7 41. Rd6 Bd7 42. Ke4 Be6 (42... Ke8 $16 43. h4 h5) 43. Rd8 Bc4 44. Rc8 Rd7 45. Bd6 Ba6 (45... Bb3 $16 {was called for.}) 46. Rc6 $1 Bb7 47. Kd5 f5 $2 (47... h5 48. b5 h4) 48. Kc5 $1 {White is clearly winning.} e4 {[#]} (48... Ke8 $142 49. Bxe5 h5) 49. fxe4 $1 {[%mdl 512]} fxe4 50. Rc7 Ke6 {[#]} 51. Rxb7 $1 Rxb7 {[#]} 52. Bc7 $1 {Hoping for Kc6.} Kd7 53. Kd4 {Accuracy: White = 84%, Black = 51%.} 1-0

[Event "18th Aeroflot Open-A 2020"]
[Site "Moscow"]
[Date "2020.02.23"]
[Round "5.42"]
[White "Kozak, Adam"]
[Black "Nikitenko, Mihail"]
[Result "1/2-1/2"]
[WhiteElo "2523"]
[BlackElo "2440"]
[Annotator "TA"]
[PlyCount "85"]
[EventDate "2020.02.19"]
[EventType "swiss"]
[EventCountry "RUS"]
[SourceTitle "playchess.com"]
[Source "ChessBase"]
[SourceQuality "1"]

{[%evp 9,85,19,15,10,27,43,31,26,30,16,23,12,23,0,28,23,28,28,31,-25,2,0,10,0,21,-25,0,0,0,-10,0,0,10,16,3,9,34,34,43,-18,0,0,0,0,0,-80,-80,-180,0,-7,0,0,61,66,86,71,52,64,39,34,37,-10,54,35,35,42,45,47,41,36,37,0,0,0,0,0,0,0]} 1. d4 d5 2. c4 c6 3. Nf3 Nf6 4. g3 Bf5 5. Nc3 e6 6. Nh4 {D11: Slav Defence: 3 Nf3 sidelines and 3...Nf6 4 e3 Bg4.} Bg4 7. h3 Bh5 8. g4 {White is slightly better. 8.Qb3 is the fancy move.} Bg6 9. Qb3 Qb6 10. Nxg6 hxg6 11. Bg2 Nbd7 12. e3 Qc7 13. cxd5 exd5 14. Qc2 (14. Bd2 $14) 14... Bd6 15. Bd2 Nb6 16. b3 {[#]} Qe7 $146 ({Predecessor:} 16... a5 17. a4 Nc8 18. Bf3 Qb6 19. h4 Bb4 20. g5 Nd7 21. O-O-O Nd6 22. Kb2 Kf8 23. Ka2 Re8 {½-½ (127) Gretarsson,H (2530)-Gretarsson,H (2462) Kopavogur 2014}) 17. Qd3 Nbd7 18. O-O-O Bb4 19. Kb1 Bxc3 20. Bxc3 a5 21. f3 a4 22. e4 O-O 23. e5 Ne8 24. b4 ({Better is} 24. h4 $14) 24... a3 25. f4 Nb6 26. Rdf1 Nc7 27. f5 (27. h4 $1 $11) 27... Nb5 $17 28. Ka1 {[#]} (28. h4 $17) 28... Nxc3 $2 (28... Na4 $1 $19 29. f6 gxf6 30. exf6 Qd6) 29. Qxc3 $11 Ra4 30. Rb1 $1 gxf5 (30... Nc4 $11) 31. gxf5 $14 {Hoping for f6!} Qg5 {[#]} 32. Bf1 $1 Qxf5 33. Bd3 Qf2 34. Bc2 Raa8 35. Qd3 {[%csl Gc2][%cal Rd3h7]} Qh4 (35... f5 $1 $11) 36. Rhg1 {aiming for Rg4!} f5 $1 37. exf6 $1 Rxf6 38. Rg4 Qh6 39. Rbg1 {[%mdl 1024] White has compensation.} Rf7 40. Rg6 (40. Qg3 $5 {[%cal Rc2g6]} Nd7 41. Rg6 $11) 40... Qh4 $1 {[#]The position is equal.} 41. R6g4 $1 {[%mdl 512]} Qf6 42. Rg6 ({But not} 42. Qh7+ Kf8 $15) 42... Qh4 $1 {[#]} 43. R6g4 $1 {[%mdl 512] Accuracy: White = 78%, Black = 77%.} 1/2-1/2

[Event "18th Aeroflot Open-A 2020"]
[Site "Moscow"]
[Date "2020.02.24"]
[Round "6.1"]
[White "Petrosyan, Manuel"]
[Black "Mamedov, Rauf"]
[Result "1/2-1/2"]
[WhiteElo "2590"]
[BlackElo "2643"]
[Annotator "TA"]
[PlyCount "71"]
[EventDate "2020.02.19"]
[EventType "swiss"]
[EventCountry "RUS"]
[SourceTitle "playchess.com"]
[Source "ChessBase"]
[SourceQuality "1"]

{[%evp 12,71,21,30,57,24,26,4,8,4,7,8,24,27,36,7,37,26,21,0,0,0,0,6,8,-27,-22,-32,11,0,0,11,5,18,19,29,20,8,4,15,9,8,0,2,8,8,12,0,0,0,0,0,0,0,0,0,0,0,0,0,0,0]} 1. d4 Nf6 2. c4 g6 3. Nc3 Bg7 4. e4 d6 5. Be2 O-O 6. Be3 Nc6 7. d5 Ne5 {E73: King's Indian: Averbakh Variation without 6...c5.} 8. Nf3 (8. f4 $5 {[%cal Rf4e5]} Ned7 9. g4 $11) 8... Nfg4 9. Bd2 e6 10. Nxe5 Nxe5 11. O-O {[#]} exd5 $146 ({Predecessor:} 11... f5 12. f4 Ng4 13. Bxg4 fxg4 14. Be3 e5 15. Qd2 Bd7 16. fxe5 Bxe5 17. Rxf8+ Qxf8 18. Bd4 Bf4 19. Be3 Be5 20. Bd4 Bf4 {½-½ (21) Parkhov,Y (2354)-Zanan,E (2505) Netanya 2019}) 12. cxd5 f5 13. f4 Nf7 14. exf5 Bxf5 15. Be3 c5 16. dxc6 bxc6 17. Qd2 d5 {[#] Threatens to win with ...d4.} 18. Rfd1 Re8 19. Rac1 Qe7 (19... Qd6 $5 {[%cal Rd5d4]} 20. Bf2 Bh6 $15) 20. Bd4 Bxd4+ 21. Qxd4 Rab8 {Strongly threatening ...Rb4.} 22. Bf3 Qb4 23. Qxb4 Rxb4 24. Rd2 {The position is equal.} Rxf4 25. Ne2 Rc4 26. Rxc4 dxc4 27. Bxc6 Rc8 28. Bd5 Kg7 29. Bxf7 Kxf7 $11 {[%mdl 4096] Endgame KRB-KRN} 30. Kf2 Kf6 31. Ke3 Ke5 32. Nc3 Bd3 33. Rf2 Bf5 34. Rd2 Bd3 35. Rf2 Bf5 36. Rd2 {Accuracy: White = 92%, Black = 95%.} 1/2-1/2